000 00688nam a22002177a 4500
003 OSt
005 20221213161155.0
008 221213s2020 ck a|||gr|||| 00| j spa d
020 _a9789585488823
040 _aCO-JMCR
_cCO-JMCR
041 0 _aspa
082 0 4 _aC /
_bLOWc
100 1 _aLow, Amalia,
_eilustradora
_942542
245 1 0 _aCuentos y arrullos del folclor indígena y campesino colombiano /
_cilustrado por Amalia Low
250 _aPrimera edición
260 _aBogotá :
_bMinisterio de Cultura,
_c2020
300 _a31 páginas :
_bilustraciones a color ;
_c27 cm
490 0 _aLeer es mi cuento ;
_v35
650 1 4 _aCuentos infantiles colombianos
942 _2ddc
_cBK
999 _c29805
_d16189